LEADER 01242nam a2200277 a 4500 001 000000122556 003 CaOOAMICUS 005 20100721121323.0 008 100721t2009 it u000 u ita r 020 $a978-88-263-1748-9 040 $aPUL$bita$dReb 245 00$aPreghiera nei Padri dei primi secoli /$channo collaborato: Maria Grazia Bianco [et al.]. 260 $aRoma :$bBorla,$c©2009. 300 $a285 p. ;$c20 cm. 490 1 $aDizionario di spiritualitą biblico-patristica ;$v0052 504 $aInclude riferimenti bibliografici. 650 4$aPadri della Chiesa$xPreghiere.$0(OLS)http://pul/subject/37113 650 4$aPreghiere.$0(OLS)http://pul/subject/7929 700 1 $aBianco, Maria Grazia.$0(OLS)http://pul/name/63006 830 0$aDizionario di spiritualitą biblico-patristica ;$v0052.$0(OLS)http://pul/title/65660 850 $aPUL 852 $aPUL$W1$xSL Cons. Gen., Altre Classi 1$y1$m2016 E 52$j140759$qStampati$B139847$CPULBib$Z2$F139847 $H114462 $82 941 1 $a8 996 $6020$a978-88-263-1748-9$9(OLS)http://pul/number/144958 996 $6245$aPreghiera nei Padri dei primi secoli$9(OLS)http://pul/title/154433 996 $6260$aRoma :$bBorla$9(OLS)http://pul/publisher/48061 LEADER 00979nam a2200265 a 4500 001 000000135996 003 CaOOAMICUS 005 20131024123911.0 008 131024s1988 it u000 u ita r 040 $aPUL$bita 041 1 $aita$heng 100 1 $aJames, Henry,$d1843-1916.$0(OLS)http://pul/name/80271 240 10$aAltar of the dead.$lItaliano.$0(OLS)http://pul/title/171974 245 12$aL'altare dei morti /$cHenry James. 260 $aMilano :$bAdelphi,$c©1988. 300 $a78 p. ;$c18 cm 490 1 $aPiccola biblioteca Adelphi ;$v214 830 0$aPiccola biblioteca Adelphi ;$v214.$0(OLS)http://pul/title/37100 850 $aPUL 852 $aPUL$W1$xDP1 Fondo E. Rossi$y115$m2 B 55$j156772$qFondi$B156165$CPULBib$Z2$F156165 $82 941 1 $a1 961 $aSul dorso collocazione ms. di E. Rossi: II 49 996 $6245$aL'altare dei morti$9(OLS)http://pul/title/171973 996 $6260$aMilano :$bAdelphi$9(OLS)http://pul/publisher/51018